000 00527nam a22001697a 4500
005 20251108175553.0
008 250721s2015 xx 000 0 ara d
082 1 4 _aق/ عبد
100 1 _aعبد الرحمن، دعاء
245 1 0 _aاكتشفت زوجي في الأوتوبيس /
264 1 _aالقاهرة :
_bعصير الكتب للنشر والتوزيع،
_c2015.
300 _a251ص.
650 1 7 _aالادب العربي
650 1 7 _aالروايات العربية
942 _2ddc
_cBK
999 _c137235
_d137235